00977nam a2200253 a 450000100100000000500170001000800410002702000150006804000250008308200260010810000270013424501420016125000110030326000740031430000210038844000260040950000270043565000280046265000390049070000440052904900090057395201240058299900170070600002320220250430121825.0101130s2001 mx a r 000 | spa d a9686075925 aDO-SdBNPbspacBNPHU a658..314bC317r, 20011 aCarrillo, Jorge94776110aRotación de personal en las maquiladoras /cJorge Carrillo, Jorge Santibáñez Romellón; edición Juan de Dios Barajas Cárdenas. a2a ed. aTijuana :bEl Colegio de la Frontera Norte : Plaza y Valdés,c2001. a133 p. ;c21 cm. 0aMéxico Norte932793 aIncluye bibliografía 4aCambio de empleo947762 0aAdministración de personal915811 aBarajas Cárdenas, Juan de Dios932791 aBNGR 001050718MOaGRbGRcCTd2010-11-30iLF1l0o658..314 C317r, 2001p23202-10r2020-06-25w2020-06-25y1ZNo se presta c22699d22699